000 01061nam a2200337 i 4500
001 000034249
003 DO-SdBNP
005 20260120073950.0
006 a||||gr|||| 00| 0
007 ta
008 110929t1989 dr a 000 0 spa d
020 _a0829795006
040 _aDO-SdBNP
_bspa
_cBNPHU
_erda
082 4 _a264.1
_bL697v
_222
245 0 0 _aEl libro de vida.
250 _aedición especial
264 4 _aDeerfiel, Florida :
_bSocieda Bíblica Internacional,
_bVida,
_c1989
300 _a222 páginas ;
_bIlustraciones ;
_c187cm.
336 _2rdacontent
_atexto
_btxt
337 _2rdamedia
_asin mediación
_bn
338 _2rdacarrier
_avolumen
_bnc
500 _aEn la portada: Quinto Centenario República Dominicana, (1492-1992)
590 _aInventariado, 2023 / MF
650 4 _aEspiritu santo
_97135
650 4 _aJesucristo
_xEnseñanzas
_922829
650 0 _aVida cristiana
_9668
650 0 _aVida espiritual
_9268
650 4 _aEjercicios espirituales
_98168
910 _aValidado. Control de calidad EMS
942 _2ddc
_cLBS1
999 _c33740
_d33740